Design of machine members
Sparad:
| Huvudupphovsmän: | , , |
|---|---|
| Materialtyp: | Bok |
| Språk: | engelska |
| Publicerad: |
Nueva York
McGraw-Hill
1964
|
| Upplaga: | 4a. ed |
| Ämnen: | |
| Taggar: |
Lägg till en tagg
Inga taggar, Lägg till första taggen!
|
MARC
| LEADER | 00000nam a2200000 a 4500 | ||
|---|---|---|---|
| 001 | UCP2339 | ||
| 003 | CL-VaPUC | ||
| 008 | 990514e19640000US |||||||||||||||||eng|d | ||
| 082 | 0 | 4 | |a 621.815 |b DOU |2 21 |
| 100 | 0 | |a Doughtie, Venton Levy |e author |9 429028 | |
| 700 | 0 | |a Vallance, Alex |e author |9 429029 | |
| 700 | 0 | |a Kreisle, Leonardt F |e author |9 429030 | |
| 245 | 1 | 0 | |a Design of machine members |
| 250 | |a 4a. ed | ||
| 300 | |a 520 p | ||
| 942 | |c BK | ||
| 945 | |d 19990514 00:00:00 |a cmena | ||
| 260 | |a Nueva York |b McGraw-Hill |c 1964 | ||
| 650 | 0 | |a Diseño de máquinas |9 271533 | |
| 650 | 7 | |a MECANICA INDUSTRIAL |2 CL-VaPUC |9 429031 | |
| 650 | 0 | |a Ingeniería mecánica |9 262089 | |
| 650 | 7 | |a ELEMENTOS DE MAQUINAS |2 CL-VaPUC |9 429032 | |
| 583 | |a last modification |c 19990514 00:00:00 |k Rodrigo Vera | ||
| 999 | |c 280890 |d 280888 | ||